[Event "23. Erfurter Schachfestival 2013 / Seni"]
[Site "Erfurt"]
[Date "2013.12.26"]
[Round "1.3"]
[White "Wuensch, Ulrich"]
[Black "Flockerzi, Armin"]
[Result "1-0"]
[WhiteElo "2063"]
[BlackElo "1824"]
[PlyCount "79"]
[EventDate "2013.12.26"]
[EventRounds "5"]
[EventCountry "GER"]

1. d4 d5 2. Nf3 c6 3. Nbd2 Nf6 4. e3 e6 5. Bd3 b6 6. Qe2 Bd6 7. O-O Qc7 8. e4
dxe4 9. Nxe4 Nxe4 10. Qxe4 Ba6 11. c4 Bb7 12. Qg4 g6 13. Bh6 Nd7 14. Rac1 f5
15. Qh4 Be7 16. Bg5 Qd8 17. Rfe1 Nf8 18. Qf4 Qd6 19. Qe3 Bxg5 20. Nxg5 Rd8 21.
Nf3 Kf7 22. Rcd1 Re8 23. c5 Qc7 24. Bc4 Bc8 25. cxb6 axb6 26. d5 cxd5 27. Bxd5
h6 28. Bb3 Kg7 29. Rc1 Qb8 30. Rc6 Bb7 31. Qc3+ Kg8 32. Rxb6 Rh7 33. Nd4 Rc7
34. Qe3 Qa8 35. Nxe6 Kh7 36. Nxf8+ Rxf8 37. Qg3 Rc6 38. Re7+ Kh8 39. Rxc6 Bxc6
40. Qe5+ 1-0

[Event "23. Erfurter Schachfestival 2013 / Seni"]
[Site "Erfurt"]
[Date "2013.12.26"]
[Round "1.4"]
[White "Stuch, Hans-Ferdinand"]
[Black "Ruemmler, Roland"]
[Result "0-1"]
[WhiteElo "1902"]
[BlackElo "2033"]
[PlyCount "56"]
[EventDate "2013.12.26"]
[EventRounds "5"]
[EventCountry "GER"]

1. d4 Nf6 2. Nf3 g6 3. c4 Bg7 4. Nc3 c5 5. e4 cxd4 6. Nxd4 d6 7. Be2 O-O 8. O-O
Nc6 9. f3 Nxd4 10. Qxd4 Ng4 11. Qd1 Qb6+ 12. Kh1 Nf2+ 13. Rxf2 Qxf2 14. Bg5 f6
15. Bf4 Qb6 16. Qd2 Be6 17. Nd5 Bxd5 18. Be3 Qc6 19. exd5 Qd7 20. h4 b6 21. h5
gxh5 22. Bd3 f5 23. Re1 Rf7 24. Bg5 Raf8 25. Qf4 Bxb2 26. Bh6 Bg7 27. Re6 Qa4
28. Qg5 Qd1+ 0-1

[Event "23. Erfurter Schachfestival 2013 / Seni"]
[Site "Erfurt"]
[Date "2013.12.26"]
[Round "1.5"]
[White "Haag, Guenter"]
[Black "Teichmann, Axel"]
[Result "1-0"]
[WhiteElo "2030"]
[BlackElo "1856"]
[PlyCount "79"]
[EventDate "2013.12.26"]
[EventRounds "5"]
[EventCountry "GER"]

1. e4 e5 2. Nf3 Nc6 3. Bc4 d6 4. c3 Na5 5. Be2 Nf6 6. O-O Be7 7. Qa4+ Nc6 8. d4
Bd7 9. Qc2 exd4 10. Nxd4 Nxd4 11. cxd4 O-O 12. Nc3 c6 13. Bd3 Qa5 14. f4 Qh5
15. Rf3 Bg4 16. Rg3 Qh4 17. Be2 Bxe2 18. Qxe2 Qh5 19. Qxh5 Nxh5 20. Rh3 g6 21.
g4 Ng7 22. f5 Bf6 23. e5 dxe5 24. Ne4 Bd8 25. f6 Ne6 26. dxe5 Bb6+ 27. Be3 Nf4
28. Rf3 Bxe3+ 29. Rxe3 Nd5 30. Ree1 Rad8 31. a3 Rfe8 32. Ng5 Nf4 33. Rad1 h6
34. Nf3 g5 35. Rd6 Kf8 36. Red1 Rxd6 37. Rxd6 Rb8 38. Rd7 Nd5 39. e6 fxe6 40.
Ne5 1-0

[Event "23. Erfurter Schachfestival 2013 / Seni"]
[Site "Erfurt"]
[Date "2013.12.27"]
[Round "2.1"]
[White "Wahl, Frithjof"]
[Black "Siegmund, Rainer"]
[Result "0-1"]
[WhiteElo "2055"]
[BlackElo "2140"]
[PlyCount "94"]
[EventDate "2013.12.26"]
[EventRounds "5"]
[EventCountry "GER"]

1. e4 c5 2. Nf3 Nc6 3. d4 cxd4 4. Nxd4 Nf6 5. Nc3 e5 6. Nb3 Bb4 7. Bc4 O-O 8.
Bd2 Bxc3 9. Bxc3 Nxe4 10. O-O Nxc3 11. bxc3 d6 12. Bd5 Qc7 13. Qe2 Ne7 14. c4
Bf5 15. Rac1 Rac8 16. c3 Nxd5 17. cxd5 Qc4 18. Qe3 b6 19. f4 f6 20. fxe5 fxe5
21. Rf3 Qxd5 22. Qg5 h6 23. Qh4 Bg6 24. Rg3 Rf6 25. Qg4 Rcf8 26. Rd1 Qe4 27.
Qxe4 Bxe4 28. Nd2 Bd5 29. c4 Bc6 30. Nb3 Rf2 31. h3 R8f6 32. Rd2 Rxd2 33. Nxd2
Kf7 34. Ra3 a5 35. Rb3 Ke7 36. Rxb6 Kd7 37. Ra6 Rg6 38. g4 h5 39. Rxa5 hxg4 40.
h4 g3 41. Ra6 Kc7 42. c5 dxc5 43. Nc4 Re6 44. Ra5 e4 45. Rxc5 e3 46. Re5 Rxe5
47. Nxe5 Be4 0-1

[Event "23. Erfurter Schachfestival 2013 / Seni"]
[Site "Erfurt"]
[Date "2013.12.27"]
[Round "2.2"]
[White "Kroencke, Manfred"]
[Black "Gebuhr, Guenter"]
[Result "1-0"]
[WhiteElo "2053"]
[BlackElo "1977"]
[PlyCount "47"]
[EventDate "2013.12.26"]
[EventRounds "5"]
[EventCountry "GER"]

1. e4 c5 2. Nf3 Nc6 3. Bb5 g6 4. O-O Bg7 5. Re1 e5 6. Bxc6 bxc6 7. d3 Ne7 8.
Nbd2 d6 9. Nc4 O-O 10. Bd2 Bg4 11. Ne3 Bxf3 12. Qxf3 Qd7 13. Nc4 f5 14. Qh3 Qe6
15. f4 Qf6 16. fxe5 dxe5 17. Rf1 Rad8 18. Be3 Nc8 19. Bxc5 Rf7 20. exf5 gxf5
21. Rae1 Rd5 22. b4 Bf8 23. Bxf8 Kxf8 24. Ne3 1-0

[Event "23. Erfurter Schachfestival 2013 / Seni"]
[Site "Erfurt"]
[Date "2013.12.27"]
[Round "2.3"]
[White "Klein, Leo"]
[Black "Wuensch, Ulrich"]
[Result "0-1"]
[WhiteElo "1945"]
[BlackElo "2063"]
[PlyCount "82"]
[EventDate "2013.12.26"]
[EventRounds "5"]
[EventCountry "GER"]

1. d4 Nf6 2. Bf4 e6 3. e3 c5 4. c3 d5 5. Nd2 Be7 6. Bd3 O-O 7. g4 Nbd7 8. g5
Ne8 9. h4 f5 10. Nh3 c4 11. Bc2 b5 12. a3 a5 13. Nf3 Bb7 14. Ne5 Nxe5 15. Bxe5
Bd6 16. f4 b4 17. Ba4 Nc7 18. Bxd6 Qxd6 19. O-O Rab8 20. Bc2 bxc3 21. bxc3 Nb5
22. Qd2 Nxa3 23. Ba4 Ba6 24. Qa2 Nb5 25. Bxb5 Rxb5 26. Rab1 Rfb8 27. Ra1 Bc8
28. Rfc1 Bd7 29. Nf2 Be8 30. Qa3 Qxa3 31. Rxa3 Rb1 32. Ra1 Rxc1+ 33. Rxc1 Rb3
34. Kf1 a4 35. Ke1 a3 36. Nd1 Bh5 37. Ra1 Bxd1 38. Kxd1 Rxc3 39. Kd2 Rd3+ 40.
Ke2 Rb3 41. Kd2 Kf7 0-1

[Event "23. Erfurter Schachfestival 2013 / Seni"]
[Site "Erfurt"]
[Date "2013.12.27"]
[Round "2.4"]
[White "Ruemmler, Roland"]
[Black "Kolodny, Leonid"]
[Result "0-1"]
[WhiteElo "2033"]
[BlackElo "1950"]
[PlyCount "66"]
[EventDate "2013.12.26"]
[EventRounds "5"]
[EventCountry "GER"]

1. d4 d5 2. Nc3 Nf6 3. Bg5 e6 4. e4 dxe4 5. Nxe4 Be7 6. Bxf6 Bxf6 7. Nf3 O-O 8.
c3 Nc6 9. Bd3 g6 10. Qc2 e5 11. d5 Nb8 12. O-O-O Bg7 13. c4 f5 14. h4 fxe4 15.
Bxe4 Bf5 16. h5 Qf6 17. hxg6 Bxg6 18. Nd2 Nd7 19. c5 b6 20. b4 bxc5 21. bxc5
Rab8 22. f3 Rb5 23. Nb3 a5 24. Qc4 Rb4 25. Qc3 Qg5+ 26. Nd2 Rfb8 27. Kc2 R8b5
28. c6 Rc5 29. cxd7 Rxc3+ 30. Kxc3 Qe3+ 31. Kc2 Qc5+ 32. Kd3 Rd4+ 33. Ke2 Bf6
0-1

[Event "23. Erfurter Schachfestival 2013 / Seni"]
[Site "Erfurt"]
[Date "2013.12.27"]
[Round "2.5"]
[White "Schulz, Uwe"]
[Black "Haag, Guenter"]
[Result "0-1"]
[WhiteElo "1847"]
[BlackElo "2030"]
[PlyCount "132"]
[EventDate "2013.12.26"]
[EventRounds "5"]
[EventCountry "GER"]

1. d4 d5 2. c4 dxc4 3. Nf3 Nf6 4. Nc3 a6 5. a4 Nc6 6. e3 Bg4 7. Bxc4 e6 8. O-O
Bb4 9. Be2 Qe7 10. Bd2 Rd8 11. Ne1 Bxe2 12. Qxe2 e5 13. dxe5 Nxe5 14. Nc2 Bd6
15. Nd4 Qd7 16. Rfd1 c5 17. Nf3 O-O 18. Be1 Qg4 19. Nxe5 Qxe2 20. Nxe2 Bxe5 21.
Bc3 Ng4 22. h3 Bxc3 23. Nxc3 Ne5 24. Ne4 Nd3 25. Rd2 Rd7 26. Ra3 Rfd8 27. a5 f5
28. Ng3 g6 29. Rc3 Kf8 30. h4 Ke8 31. Nf1 Rd5 32. b3 Nb4 33. Rxd5 Rxd5 34. f3
Nc6 35. e4 fxe4 36. fxe4 Re5 37. Nd2 Nxa5 38. Kf2 b5 39. Ke3 Nb7 40. Nf3 Re7
41. e5 Rc7 42. Ke4 c4 43. Nd2 Nc5+ 44. Kd5 Nxb3 45. Ne4 Nd2 46. Nd6+ Ke7 47.
Ra3 c3 48. Rxa6 c2 49. Ra8 Rc5+ 50. Kxc5 c1=Q+ 51. Kd5 Nc4 52. Re8+ Kd7 53. e6+
Kc7 54. Rc8+ Kb6 55. Nxc4+ bxc4 56. e7 Qd1+ 57. Ke5 Qh5+ 58. Kd6 Qd1+ 59. Ke5
Qe2+ 60. Kf6 Qf2+ 61. Kg7 Qd4+ 62. Kf7 Qd5+ 63. Ke8 Qe6 64. Rxc4 Qxc4 65. Kf8
Qc5 66. Kf7 Qf5+ 0-1

[Event "23. Erfurter Schachfestival 2013 / Seni"]
[Site "Erfurt"]
[Date "2013.12.28"]
[Round "3.1"]
[White "Siegmund, Rainer"]
[Black "Haag, Guenter"]
[Result "1/2-1/2"]
[WhiteElo "2140"]
[BlackElo "2030"]
[PlyCount "92"]
[EventDate "2013.12.26"]
[EventRounds "5"]
[EventCountry "GER"]

1. d4 d5 2. c4 e5 3. dxe5 d4 4. Nf3 Nc6 5. Nbd2 g5 6. Nb3 Bb4+ 7. Bd2 Qe7 8. a3
Bxd2+ 9. Qxd2 Bg4 10. Nbxd4 Bxf3 11. Nxf3 g4 12. Ng1 Nxe5 13. e3 Nf6 14. O-O-O
O-O 15. Qc2 Nfd7 16. Ne2 f5 17. Nf4 c6 18. Kb1 Nc5 19. Nd3 a5 20. Nxc5 Qxc5 21.
Rd4 Rf7 22. Be2 Raf8 23. g3 h5 24. h4 b6 25. Rhd1 Qe7 26. Rd6 Rf6 27. R6d4 Nf7
28. Qd2 Ne5 29. Qc3 R6f7 30. Rd6 Rf6 31. Qd4 Rxd6 32. Qxd6 Qxd6 33. Rxd6 Kg7
34. Kc2 Rf6 35. Rd8 Nf7 36. Rd4 c5 37. Rd5 Nd6 38. Kd2 Kf7 39. Bd3 Ke6 40. Ke2
Rf8 41. f4 Rc8 42. a4 Re8 43. b3 Re7 44. Bc2 Re8 45. Re5+ Kf7 46. Rxe8 Kxe8
1/2-1/2

[Event "23. Erfurter Schachfestival 2013 / Seni"]
[Site "Erfurt"]
[Date "2013.12.28"]
[Round "3.2"]
[White "Kolodny, Leonid"]
[Black "Kroencke, Manfred"]
[Result "1-0"]
[WhiteElo "1950"]
[BlackElo "2053"]
[PlyCount "91"]
[EventDate "2013.12.26"]
[EventRounds "5"]
[EventCountry "GER"]

1. e4 c5 2. Nf3 e6 3. d4 cxd4 4. Nxd4 Nc6 5. Be2 Qc7 6. c3 a6 7. O-O Nf6 8. Nd2
Be7 9. N4f3 d5 10. Bd3 O-O 11. Qe2 Bd6 12. Bb1 Ne5 13. h3 Bd7 14. Nxe5 Bxe5 15.
Re1 Rfe8 16. Qd3 Bc6 17. Qf3 Rad8 18. g3 b6 19. a4 Qb7 20. Qe3 d4 21. cxd4 Bxd4
22. Qe2 Qb8 23. Kh2 b5 24. a5 Qa7 25. Kg2 Qb7 26. Nf3 e5 27. Bg5 Rd6 28. Nh4 h6
29. Nf5 Rde6 30. Bd2 Rd8 31. Bb4 g6 32. Nxh6+ Kg7 33. Ng4 Nxe4 34. Bxe4 f5 35.
Bxc6 Rxc6 36. f3 fxg4 37. hxg4 Rdc8 38. Bc3 b4 39. Bd2 Rc2 40. Rab1 Qd5 41. Qd3
Qxa5 42. Re2 Qb5 43. Qe4 Qc6 44. Qd3 Qb5 45. Qe4 a5 46. Bh6+ 1-0

[Event "23. Erfurter Schachfestival 2013 / Seni"]
[Site "Erfurt"]
[Date "2013.12.28"]
[Round "3.3"]
[White "Wuensch, Ulrich"]
[Black "Rauscher, Joachim"]
[Result "1-0"]
[WhiteElo "2063"]
[BlackElo "1821"]
[PlyCount "95"]
[EventDate "2013.12.26"]
[EventRounds "5"]
[EventCountry "GER"]

1. d4 d5 2. Nf3 Nf6 3. e3 e6 4. Bd3 Be7 5. Nbd2 O-O 6. O-O Nbd7 7. Qe2 Re8 8.
e4 dxe4 9. Nxe4 Nxe4 10. Qxe4 Nf8 11. Bd2 Rb8 12. Ne5 f6 13. Nf3 b6 14. Bc4 Bd6
15. Rfe1 Bb7 16. Qg4 Qd7 17. Rad1 Bd5 18. Bd3 b5 19. a3 Re7 20. Bb4 a6 21. Nd2
Rbe8 22. Bxd6 cxd6 23. c4 bxc4 24. Nxc4 Bxc4 25. Bxc4 Qb7 26. b4 Kh8 27. Qe2
Ra8 28. Qa2 Rae8 29. Qb3 Rc7 30. Bxe6 Rce7 31. d5 Qc8 32. Rc1 Qd7 33. Qc4 Nxe6
34. dxe6 Rxe6 35. Rxe6 Rxe6 36. Qxa6 Re8 37. h3 h6 38. Rd1 d5 39. Qd3 Ra8 40.
b5 Qd6 41. Ra1 Qe5 42. Rb1 Qd6 43. b6 Rb8 44. b7 Qc6 45. Qb5 Qc3 46. a4 d4 47.
Qb4 Qc7 48. a5 1-0

[Event "23. Erfurter Schachfestival 2013 / Seni"]
[Site "Erfurt"]
[Date "2013.12.28"]
[Round "3.4"]
[White "Knosowski, Hans Josef"]
[Black "Ruemmler, Roland"]
[Result "0-1"]
[WhiteElo "1884"]
[BlackElo "2033"]
[PlyCount "62"]
[EventDate "2013.12.26"]
[EventRounds "5"]
[EventCountry "GER"]

1. d4 Nf6 2. c4 c5 3. Nf3 g6 4. g3 Bg7 5. Bg2 O-O 6. O-O cxd4 7. Nxd4 Nc6 8.
Nc3 a6 9. Nc2 d6 10. Ne3 Bd7 11. Rb1 Rb8 12. Ncd5 b5 13. cxb5 Rxb5 14. Bd2 e6
15. Nf4 d5 16. a4 Rb8 17. Nd3 Qe7 18. b4 Rfc8 19. Nc5 Ra8 20. Nc2 Ne5 21. Na3
Bc6 22. Qb3 Ne4 23. Nxe4 dxe4 24. Rfc1 Bd5 25. Qe3 Ng4 26. Qb6 Rxc1+ 27. Rxc1
Bb2 28. Rc7 Qf6 29. Nc2 Be5 30. Rd7 Rc8 31. Ne1 Bd4 0-1

[Event "23. Erfurter Schachfestival 2013 / Seni"]
[Site "Erfurt"]
[Date "2013.12.28"]
[Round "3.5"]
[White "Stuch, Hans-Ferdinand"]
[Black "Wahl, Frithjof"]
[Result "0-1"]
[WhiteElo "1902"]
[BlackElo "2055"]
[PlyCount "66"]
[EventDate "2013.12.26"]
[EventRounds "5"]
[EventCountry "GER"]

1. d4 g6 2. e4 Bg7 3. f4 d6 4. Be3 Nf6 5. Nc3 Ng4 6. Bc1 O-O 7. Be2 Nf6 8. Be3
c6 9. a4 a5 10. g4 d5 11. e5 Ne4 12. Qd3 Nxc3 13. Qxc3 Bd7 14. h3 e6 15. Nf3
Re8 16. g5 Bf8 17. Qb3 Qc7 18. c3 Na6 19. Bxa6 Rxa6 20. Qc2 b5 21. axb5 cxb5
22. O-O Rc8 23. Qe2 Qb7 24. Rfc1 a4 25. Ne1 b4 26. cxb4 Rxc1 27. Rxc1 Bxb4 28.
Nc2 Bb5 29. Qd1 Bf8 30. Na3 Bd7 31. Bd2 Qxb2 32. Nc2 Rc6 33. Be1 a3 0-1

[Event "23. Erfurter Schachfestival 2013 / Seni"]
[Site "Erfurt"]
[Date "2013.12.29"]
[Round "4.1"]
[White "Kolodny, Leonid"]
[Black "Wuensch, Ulrich"]
[Result "0-1"]
[WhiteElo "1950"]
[BlackElo "2063"]
[PlyCount "122"]
[EventDate "2013.12.26"]
[EventRounds "5"]
[EventCountry "GER"]

1. e4 c5 2. Nf3 Nc6 3. d4 cxd4 4. Nxd4 g6 5. Be2 Bg7 6. c3 Nf6 7. Bf3 Ne5 8.
O-O Nxf3+ 9. Qxf3 d6 10. h3 O-O 11. Be3 Bd7 12. Nd2 Qc7 13. Qe2 d5 14. exd5
Nxd5 15. Bg5 e5 16. N4b3 h6 17. Be3 Nxe3 18. Qxe3 Bc6 19. Qg3 Rac8 20. f3 Rcd8
21. Rad1 a5 22. Kh1 Bb5 23. Rfe1 a4 24. Nd4 Ba6 25. Nc2 Bd3 26. Nb4 a3 27. Re3
Bf5 28. b3 h5 29. Qe1 Bh6 30. Rc1 Bxe3 31. Qxe3 Be6 32. Qh6 Rxd2 33. Qxd2 Rd8
34. Qe3 Bf5 35. c4 Be6 36. Nc2 Qd6 37. Re1 Qd2 38. Qe2 f6 39. Nxa3 Qa5 40. Nb1
Bf5 41. Kh2 Kg7 42. Rc1 Bd3 43. Qb2 e4 44. fxe4 Bxe4 45. Rf1 Rd6 46. Qf2 f5 47.
Qf4 Rd7 48. Qf2 Qe5+ 49. Kg1 Qa5 50. Qb2+ Kh7 51. b4 Qc7 52. c5 Qg3 53. Qf2 Qg5
54. Nc3 Bxg2 55. h4 Qg4 56. Qxg2 Qd4+ 57. Qf2 Qxc3 58. b5 Rd2 59. Qf4 Qxc5+ 60.
Rf2 Rxf2 61. Qxf2 Qxb5 0-1

[Event "23. Erfurter Schachfestival 2013 / Seni"]
[Site "Erfurt"]
[Date "2013.12.29"]
[Round "4.2"]
[White "Kroencke, Manfred"]
[Black "Siegmund, Rainer"]
[Result "1/2-1/2"]
[WhiteElo "2053"]
[BlackElo "2140"]
[PlyCount "101"]
[EventDate "2013.12.26"]
[EventRounds "5"]
[EventCountry "GER"]

1. e4 c5 2. Nf3 Nc6 3. Bb5 e6 4. O-O Nge7 5. d4 cxd4 6. Nxd4 Qb6 7. Bxc6 Nxc6
8. Nb3 d6 9. Be3 Qc7 10. Nc3 a6 11. a4 Ne5 12. Nd2 Bd7 13. Qe2 Rc8 14. f3 Be7
15. Qf2 Nc4 16. Nxc4 Qxc4 17. Rfd1 O-O 18. Rd4 Qc7 19. Rd2 Qa5 20. Ne2 b5 21.
e5 d5 22. c3 bxa4 23. b4 Qc7 24. Bd4 Bb5 25. Nf4 Bg5 26. Qg3 Bxf4 27. Qxf4 Qc4
28. h4 Qc7 29. Qg4 Qd7 30. Bc5 Rfe8 31. f4 Rxc5 32. bxc5 Qe7 33. Kh2 Qxc5 34.
Qg3 Rc8 35. Rc1 a3 36. Qe1 Bc4 37. Ra1 a5 38. Rf2 g6 39. h5 a2 40. Rb2 a4 41.
Rbxa2 Bxa2 42. Rxa2 Qc4 43. Qf2 Ra8 44. Ra3 Qe4 45. hxg6 hxg6 46. c4 Kg7 47.
Rh3 Rh8 48. Rxh8 Kxh8 49. Qh4+ Kg8 50. Qd8+ Kh7 51. Qh4+ 1/2-1/2

[Event "23. Erfurter Schachfestival 2013 / Seni"]
[Site "Erfurt"]
[Date "2013.12.29"]
[Round "4.3"]
[White "Haag, Guenter"]
[Black "Ruemmler, Roland"]
[Result "1-0"]
[WhiteElo "2030"]
[BlackElo "2033"]
[PlyCount "65"]
[EventDate "2013.12.26"]
[EventRounds "5"]
[EventCountry "GER"]

1. e4 g6 2. d4 Bg7 3. Nc3 d6 4. h3 c6 5. Nf3 Nf6 6. Be3 b5 7. Bd3 a6 8. a4 Bb7
9. axb5 cxb5 10. d5 Nfd7 11. Qd2 h5 12. Be2 Ne5 13. Nxe5 dxe5 14. O-O Qd6 15.
f4 Nd7 16. f5 Bf6 17. Nd1 Rc8 18. g4 hxg4 19. Bxg4 g5 20. Nf2 Rg8 21. Rfc1 Rc4
22. b3 Rd4 23. Qa5 Nc5 24. Bf3 g4 25. hxg4 Bh4 26. Qe1 Rxe4 27. Nxe4 Nxe4 28.
Qxh4 Nf6 29. c4 e4 30. Be2 Qe5 31. Kf2 b4 32. Ra2 Bc8 33. Qg3 1-0

[Event "23. Erfurter Schachfestival 2013 / Seni"]
[Site "Erfurt"]
[Date "2013.12.29"]
[Round "4.4"]
[White "Wahl, Frithjof"]
[Black "Klein, Leo"]
[Result "1-0"]
[WhiteElo "2055"]
[BlackElo "1945"]
[PlyCount "63"]
[EventDate "2013.12.26"]
[EventRounds "5"]
[EventCountry "GER"]

1. e4 d6 2. d4 c6 3. Nc3 b5 4. a3 g6 5. Be3 Bg7 6. Qd2 a6 7. f4 Nd7 8. Nf3 Ngf6
9. h3 Nh5 10. Qf2 Qc7 11. g4 Nhf6 12. Bg2 Rb8 13. b4 c5 14. bxc5 dxc5 15. e5
cxd4 16. Bxd4 Ng8 17. O-O e6 18. Ne4 Bf8 19. Nd6+ Ke7 20. Ng5 Nh6 21. Nge4 Bg7
22. Qh4+ Kf8 23. c4 Nb6 24. cxb5 Qe7 25. Qf2 Nd5 26. Bc5 Kg8 27. Nxc8 Qd7 28.
Ncd6 axb5 29. Rac1 Bf8 30. Rfe1 Kg7 31. Nf6 Qd8 32. Nde8+ 1-0

[Event "23. Erfurter Schachfestival 2013 / Seni"]
[Site "Erfurt"]
[Date "2013.12.30"]
[Round "5.2"]
[White "Siegmund, Rainer"]
[Black "Kolodny, Leonid"]
[Result "1-0"]
[WhiteElo "2140"]
[BlackElo "1950"]
[PlyCount "105"]
[EventDate "2013.12.26"]
[EventRounds "5"]
[EventCountry "GER"]

1. d4 d5 2. c4 e6 3. Nc3 Nf6 4. cxd5 exd5 5. Bg5 Be7 6. e3 O-O 7. Bd3 Nc6 8.
Nge2 h6 9. Bh4 Nh7 10. Bg3 a6 11. a3 g6 12. Nf4 Nf6 13. b4 Na7 14. O-O c6 15.
Qb3 Nb5 16. a4 Nd6 17. b5 axb5 18. axb5 Bd7 19. Rfb1 Nf5 20. Nfe2 Nxg3 21. hxg3
Bd6 22. Qc2 Kg7 23. Ra2 Ng4 24. Rxa8 Qxa8 25. e4 dxe4 26. Nxe4 Be7 27. Nc5 Be8
28. Nf4 Qc8 29. Qe2 Bxc5 30. dxc5 Bd7 31. Qb2+ Kg8 32. f3 Ne3 33. b6 Bf5 34.
Re1 Bxd3 35. Rxe3 Ba6 36. Qe5 Qd7 37. Nh3 Rd8 38. Nf2 Qd4 39. Ng4 Qxe5 40. Rxe5
h5 41. Nf6+ Kf8 42. Re1 Bc4 43. Ne4 Rd7 44. Nd6 Ba6 45. Re8+ Kg7 46. Kf2 Kf6
47. Ra8 Ke6 48. Rxa6 bxa6 49. b7 Rd8 50. Nc8 Rd2+ 51. Ke3 Rb2 52. Nb6 Rb3+ 53.
Kd4 1-0

[Event "23. Erfurter Schachfestival 2013 / Seni"]
[Site "Erfurt"]
[Date "2013.12.30"]
[Round "5.3"]
[White "Gebuhr, Guenter"]
[Black "Wahl, Frithjof"]
[Result "0-1"]
[WhiteElo "1977"]
[BlackElo "2055"]
[PlyCount "104"]
[EventDate "2013.12.26"]
[EventRounds "5"]
[EventCountry "GER"]

1. e4 g6 2. d4 Bg7 3. Nc3 d6 4. Nf3 c6 5. a4 Nf6 6. Be2 O-O 7. O-O Qc7 8. Bf4
Nh5 9. Be3 e5 10. Qd2 Nd7 11. Bh6 Ndf6 12. Bxg7 Kxg7 13. dxe5 dxe5 14. Rad1 Nf4
15. Bc4 Bg4 16. Qd6 Qxd6 17. Rxd6 Bxf3 18. gxf3 Rad8 19. Rfd1 Rxd6 20. Rxd6 Re8
21. b4 a6 22. a5 Re7 23. Ne2 Rd7 24. Rxd7 Nxd7 25. Nxf4 exf4 26. Be2 Kf6 27.
Kg2 g5 28. c3 h5 29. h3 Ne5 30. Kh2 Ke6 31. Kg2 Ng6 32. Bc4+ Kf6 33. Kf1 Ne5
34. Be2 Ke6 35. Bd1 c5 36. Ba4 c4 37. Be8 Ke7 38. Ba4 Nd3 39. Bc2 Ne5 40. Ke2
Ke6 41. Bb1 Kd6 42. Bc2 Kc7 43. Ba4 b6 44. axb6+ Kxb6 45. Bd1 Kb5 46. Kd2 Nd3
47. Ke2 Ne5 48. Kd2 Nc6 49. Bc2 a5 50. bxa5 Nxa5 51. Bd1 Nb7 52. Bc2 Nd6 {
Rest nicht lesbar} 0-1

[Event "23. Erfurter Schachfestival 2013 / Seni"]
[Site "Erfurt"]
[Date "2013.12.30"]
[Round "5.4"]
[White "Kroencke, Manfred"]
[Black "Schulz, Uwe"]
[Result "1/2-1/2"]
[WhiteElo "2053"]
[BlackElo "1847"]
[PlyCount "81"]
[EventDate "2013.12.26"]
[EventRounds "5"]
[EventCountry "GER"]

1. e4 c5 2. Nf3 Nc6 3. Bb5 g6 4. O-O Bg7 5. Re1 Ne5 6. c3 Qb6 7. Na3 a6 8. Bf1
d6 9. Nxe5 dxe5 10. Nc4 Qc7 11. a4 Be6 12. a5 Nf6 13. Qa4+ Nd7 14. Nb6 Rd8 15.
b4 cxb4 16. Qxb4 Nb8 17. Rb1 O-O 18. Bc4 Nc6 19. Qa4 Bc8 20. d3 Rfe8 21. Be3 e6
22. Rb2 Bf8 23. Reb1 Kg7 24. Nxc8 Rxc8 25. Rxb7 Qxa5 26. Qc2 Bc5 27. Bxc5 Qxc5
28. Bxa6 Nd4 29. Qd1 Qxc3 30. Bc4 Ra8 31. h3 Qc2 32. Qxc2 Nxc2 33. Rc7 Nd4 34.
Rbb7 Rf8 35. g3 g5 36. Kg2 Kf6 37. Rd7 Rab8 38. Rxf7+ Rxf7 39. Rxb8 Kg7 40. Rb6
Kf6 41. Rb8 1/2-1/2

[Event "23. Erfurter Schachfestival 2013 / Seni"]
[Site "Erfurt"]
[Date "2013.12.30"]
[Round "5.5"]
[White "Ruemmler, Roland"]
[Black "Rauscher, Joachim"]
[Result "0-1"]
[WhiteElo "2033"]
[BlackElo "1821"]
[PlyCount "56"]
[EventDate "2013.12.26"]
[EventRounds "5"]
[EventCountry "GER"]

1. d4 d5 2. Nc3 Nf6 3. Bg5 e6 4. e4 dxe4 5. Nxe4 Be7 6. Bxf6 Bxf6 7. Nf3 O-O 8.
c3 b6 9. Bd3 Ba6 10. Bxa6 Nxa6 11. Qe2 Nb8 12. g4 g6 13. O-O-O Qe7 14. h4 Nd7
15. g5 Bh8 16. h5 Rfd8 17. hxg6 fxg6 18. Rh3 Nf8 19. Qe3 Rd5 20. Ng3 Rad8 21.
Rdh1 c5 22. Ne2 cxd4 23. Nexd4 Bxd4 24. Nxd4 Qd7 25. f4 b5 26. Nf3 b4 27. c4
Rd1+ 28. Kc2 Rd3 0-1

[Event "23. Erfurter Schachfestival 2013 / Meis"]
[Site "Erfurt"]
[Date "2013.12.26"]
[Round "1.1"]
[White "Smerdon, David"]
[Black "Schulte, Juergen"]
[Result "1/2-1/2"]
[WhiteElo "2523"]
[BlackElo "2159"]
[PlyCount "70"]
[EventDate "2013.12.26"]
[EventRounds "8"]
[EventCountry "GER"]

1. e4 c5 2. c3 d5 3. exd5 Qxd5 4. d4 g6 5. Nf3 Bg7 6. Na3 Nf6 7. Bc4 Qe4+ 8.
Be3 O-O 9. O-O Bg4 10. Bd3 Qd5 11. Be2 cxd4 12. cxd4 Nc6 13. h3 Bf5 14. Rc1 e6
15. Qa4 Rac8 16. Nd2 h5 17. Bf3 Qd7 18. Rc5 Nd5 19. Rfc1 Rcd8 20. g4 hxg4 21.
hxg4 Nxe3 22. fxe3 Qd6 23. Kg2 Nxd4 24. gxf5 Nxf5 25. Nf1 Nxe3+ 26. Nxe3 Qd2+
27. Kf1 Qxe3 28. R5c3 Bxc3 29. Rxc3 Rd3 30. Rxd3 Qxd3+ 31. Be2 Qh3+ 32. Kf2
Qh2+ 33. Kf3 Qh3+ 34. Kf2 Qh2+ 35. Kf3 Qh3+ 1/2-1/2

[Event "23. Erfurter Schachfestival 2013 / Meis"]
[Site "Erfurt"]
[Date "2013.12.26"]
[Round "1.2"]
[White "Schumacher, Gottfried"]
[Black "Kasparov, Sergey"]
[Result "1/2-1/2"]
[WhiteElo "2178"]
[BlackElo "2487"]
[PlyCount "93"]
[EventDate "2013.12.26"]
[EventRounds "8"]
[EventCountry "GER"]

1. d4 Nf6 2. Nf3 c5 3. c3 Qc7 4. g3 b6 5. Bg2 Bb7 6. O-O d6 7. b4 Nbd7 8. a4 a6
9. Re1 e6 10. Nbd2 d5 11. bxc5 bxc5 12. e4 dxe4 13. Ng5 e3 14. Rxe3 Bxg2 15.
Kxg2 Be7 16. Qf3 O-O 17. Nde4 Nd5 18. Re1 cxd4 19. cxd4 Rac8 20. Ba3 Bxa3 21.
Qxa3 Qa7 22. Nf3 Qa8 23. a5 h6 24. Kg1 N7f6 25. Nc5 Nb4 26. Rac1 Rfd8 27. Rc4
Nc6 28. Rec1 Nd5 29. Ne5 Nxe5 30. dxe5 Rc6 31. Ne4 Rxc4 32. Rxc4 Qb8 33. Nd6 f6
34. Qf3 Qb2 35. exf6 Nxf6 36. Ne4 Qa1+ 37. Kg2 Nxe4 38. Qxe4 Qxa5 39. Qxe6+ Kh8
40. Rc6 Ra8 41. h4 Qb5 42. Rb6 Qa4 43. Qe5 Kh7 44. Qf5+ Kh8 45. Qe5 Kh7 46.
Qf5+ Kh8 47. Qe5 {Stellungswiederholung} 1/2-1/2

[Event "23. Erfurter Schachfestival 2013 / Meis"]
[Site "Erfurt"]
[Date "2013.12.26"]
[Round "1.3"]
[White "Haselhorst, Helmut"]
[Black "Schneider, Ilja"]
[Result "0-1"]
[WhiteElo "2110"]
[BlackElo "2511"]
[PlyCount "94"]
[EventDate "2013.12.26"]
[EventRounds "8"]
[EventCountry "GER"]

1. Nf3 Nf6 2. c4 e6 3. g3 a6 4. Bg2 b5 5. b3 c5 6. O-O Bb7 7. Bb2 Be7 8. Na3
Qb6 9. e3 O-O 10. Qe2 Nc6 11. Rfd1 d5 12. d3 Rfd8 13. Ne5 Rac8 14. Nc2 Nxe5 15.
Bxe5 dxc4 16. dxc4 Bxg2 17. Kxg2 Qc6+ 18. Kg1 Ne4 19. Ne1 bxc4 20. bxc4 f6 21.
Bb2 Rb8 22. f3 Nd6 23. Rac1 Rb4 24. Nd3 Rxc4 25. Ne5 fxe5 26. Rxc4 Nxc4 27.
Rxd8+ Bxd8 28. Qxc4 Qd6 29. Bc3 Qd1+ 30. Kg2 Qd6 31. Qe4 Bf6 32. Qa8+ Kf7 33.
Qb7+ Kg6 34. Qe4+ Kh6 35. h4 Qd5 36. Qc2 e4 37. Bxf6 exf3+ 38. Kf2 gxf6 39. e4
Qd4+ 40. Kxf3 c4 41. g4 Qd3+ 42. Qxd3 cxd3 43. Ke3 Kg6 44. Kxd3 h5 45. e5 hxg4
46. exf6 Kxf6 47. Ke4 Kg6 0-1